Důchodová reforma bez černobílých brýlí

Dôchodková reforma a budúci dôchodkový systém v ČR. Trojpilierový a fondový systém dôchodkov. Rozšírenie základne daňových poplatníkov. Možnosti voľby budúcich dôchodcov. Demografický vývoj a jeho dopady.

Salvato in:
Dettagli Bibliografici
Autore principale: Machala, Karel
Natura: Capitolo di libro
Lingua:ceco
Soggetti:
Tags: Aggiungi Tag
Nessun Tag, puoi essere il primo ad aggiungerne!!

MARC

LEADER 00000naa a2200000 4500
001 0122721
005 20231129093550.5
041 0 |a cze 
044 |a CZ 
245 1 0 |a Důchodová reforma bez černobílých brýlí  |c Karel Machala 
520 |a Dôchodková reforma a budúci dôchodkový systém v ČR. Trojpilierový a fondový systém dôchodkov. Rozšírenie základne daňových poplatníkov. Možnosti voľby budúcich dôchodcov. Demografický vývoj a jeho dopady. 
610 2 0 |a Česko 
610 2 0 |a systémy dôchodkové 
610 2 0 |a reformy dôchodkové 
610 2 0 |a sporenie dôchodkové 
610 2 0 |a dávky dôchodkové 
610 2 0 |a fond zabezpečenia dôchodkového 
610 2 0 |a fondy penzijné 
610 2 0 |a ukazovatele demografické 
100 1 |a Machala, Karel